LEADER 01190nam2-2200409---450 001 990005974190203316 005 20190702121515.0 010 $a3-322-00673-5 035 $a000597419 035 $aUSA01000597419 035 $a(ALEPH)000597419USA01 035 $a000597419 100 $a20031223d1989----km-y0itay0103----ba 101 0 $agrc 102 $aDE 105 $a||||||||001yy 200 1 $a<<2>>: Fragmenta. Indices$f[Pindarus]$gedidit Heruicus Maehler 210 $d1989 215 $aVIII,224 p.$d21 cm 225 $aBibliotheca scriptorum Graecorum et Romanorum Teubneriana 410 $1Bibliotheca scriptorum graecorum et romanorum teubneriana 410 0$12001 454 1$12001 461 1$1001000131794$12001 700 1$aPINDARUS$0152794 702 $aMAEHLER,$bHeinrich 801 0$aIT$bsalbc$gISBD 912 $a990005974190203316 951 $aGR. TEU. PIN 4$b1975 DSA 959 $aBK 969 $aDSA 979 $aDSA$b90$c20141024$lUSA01$h1212 979 $aDSA$b90$c20141024$lUSA01$h1213 979 $aDSA$b90$c20141024$lUSA01$h1220 979 $aCHIARA$b90$c20160205$lUSA01$h1010 996 $aFragmenta. Indices$9926905 997 $aUNISA LEADER 02178nas 2200433 n 450 001 990008992890403321 005 20240229084617.0 011 $a0022-4367 035 $a000899289 035 $aFED01000899289 035 $a(Aleph)000899289FED01 035 $a000899289 091 $2CNR$aP 00047245 100 $a20161109a19649999km-y0itaa50------ba 101 0 $aeng 102 $aUS 110 $aauu-------- 200 1 $a<>Journal of risk and insurance 207 1$a1964- 210 $aSalt lake city$cAmerican Risk and Insurance Association. 326 $aTrimestrale 452 0$12001$aThe Journal of risk and insurance 530 0 $a<>Journal of risk and insurance 675 $a368 676 $a368/.973 712 02$aAmerican Risk and Insurance Association 801 0$aIT$bACNP$c20090723 859 4 $uhttp://acnp.cib.unibo.it/cgi-ser/start/it/cnr/dc-p1.tcl?catno=32422&person=false&language=ITALIANO&libr=&libr_th=unina1$zBiblioteche che possiedono il periodico 901 $aSE 912 $a990008992890403321 958 $aBiblioteca. Dipartimento Matematico Statistico dell'Università Federico II. Napoli$b1964-1967;1969-1974;1979-1980;1983-1986;1988-$c1964;1966;$eSRM Sc.X p.5-6$fMAS 958 $aBiblioteca Centrale della Facoltà di Giurisprudenza dell'Università di Napoli Federico II$b1986-1988;1993-1996;$c1993;$ePer. est. 692 (ECO POL)$fFGBC 959 $aMAS 959 $aFGBC 996 $aJournal of risk and insurance$9794216 997 $aUNINA AP1 8 $6866-01$aNA036 Biblioteca. Dipartimento Matematico Statistico dell'Università Federico II. Napoli$bSRM Sc.X p.5-6$cCDD 519.5$eV. Cintia-Complesso Universitario Monte, 80126 S. Angelo Napoli (NA)$m(081) 675175/76 - 081675011$m081675009$nit AP1 8 $6866-02$aNA073 Biblioteca Centrale della Facoltà di Giurisprudenza dell'Università di Napoli Federico II$bPer. est. 692 (ECO POL)$eCorso Umberto I, 80138 Napoli (NA)$m0812537531/33$m0812537532$nit AP2 40$aacnp.cib.unibo.it$nACNP Italian Union Catalogue of Serials$uhttp://acnp.cib.unibo.it/cgi-ser/start/it/cnr/df-p.tcl?catno=32422&language=ITALIANO&libr=&person=&B=1&libr_th=unina&proposto=NO